Estadísticas para Países más cercanos al mar Egeo

Haz click aquí para intentar la prueba.

Estadísticas generales

  • Esta prueba ha sido intentada 34 veces
  • La puntuación promedio es 17 de 20

Estadísticas de respuestas

kmpaís% Correcto
0Grecia
100%
0Turquía
100%
396Chipre
97%
131Albania
94%
30Bulgaria
94%
312Montenegro
90%
293Rumania
90%
411Bosnia y Herzegovina
87%
403Croacia
87%
386Egipto
87%
191Serbia
84%
209Kosovo
81%
57Macedonia del Norte
81%
547Moldavia
81%
343Italia
77%
535Ucrania
77%
289Libia
71%
681Siria
71%
637Hungría
68%
699Rusia
65%

Distribución de puntuación

Porcentaje por número respondido

Porcentaje de gente con cada puntuación

Historial de tus puntuaciones

No has intentado esta prueba.